[Event "Ambelokipi op 143rd"]
[Site "Athens"]
[Date "2014.03.29"]
[Round "4"]
[White "Loupos, Vasilios"]
[Black "Ypsilantis, Nikolaos"]
[Result "1-0"]
[WhiteElo "2037"]
[BlackElo "1674"]
[PlyCount "39"]
[EventDate "2014.03.08"]
[EventType "swiss"]
[EventRounds "7"]
[EventCountry "GRE"]
[SourceTitle "EXT 2016"]
[Source "ChessBase"]
[SourceDate "2015.10.08"]
[SourceVersion "1"]
[SourceVersionDate "2015.10.08"]
[SourceQuality "1"]

1. d4 d5 2. c4 c6 3. e3 Nf6 4. Nc3 e6 5. Nf3 Be7 6. Bd3 0-0 7. 0-0 Nbd7 8. b3 b6 9. Bb2 Ba6 10. Rc1 Rc8 11. e4 dxe4 12. Nxe4 Nxe4 13. Bxe4 Nf6 14. Bb1 c5 15. Qc2 g6 16. Rcd1 Qc7 17. Rfe1 cxd4 18. Bxd4 Qf4 19. Be5 Qg4 20. Rd4 1-0